| 000 | 00496nam a2200169Ia 4500 | ||
|---|---|---|---|
| 999 |
_c34951 _d34951 |
||
| 003 | OSt | ||
| 005 | 20200723123104.0 | ||
| 008 | 190216s9999||||xx |||||||||||||| ||und|| | ||
| 020 | _a9788180880841 | ||
| 040 | _coclc | ||
| 082 |
_a297.29 _bQUT/I |
||
| 100 |
_aQutb, Muhammed _91891 |
||
| 245 | 0 |
_aIslam The Misunderstood Religion / _cMuhammad Qutb |
|
| 260 |
_bMarkazi Maktaba Islami, _c2011. _aDelhi: |
||
| 300 | _a269p | ||
| 942 |
_cBK _2ddc _h297.29 _iQUT/I _k297.29 _mQUT/I |
||